| 000 | 00547nam a2200157 4500 | ||
|---|---|---|---|
| 999 |
_c510068 _d510068 |
||
| 008 | 190723b ||||| |||| 00| 0 eng d | ||
| 100 |
_aRaghuwanshi, Shobhanjali _97234 |
||
| 245 | _aGreen HRM - people management commitment to combat carbon footprint in Indian companies: a case study based approach | ||
| 260 | _c2019 | ||
| 300 | _ap.152-158. | ||
| 650 |
_aGHRM _97235 |
||
| 700 |
_aAcharya, Sopnamayee _97236 |
||
| 773 | _aPrestige International Journal of Management and Research | ||
| 906 | _aHuman resource management | ||
| 942 |
_2ddc _cAR |
||